Language Quiz

Random Language Quiz
Score 0/20 Timer 04:00
0 Plays Today
Language Hello % Correct
EnglishHello
78.2%
ItalianCiáo
65.5%
IcelandicHalló
58.2%
AfrikaansGoeie Dag
54.5%
HawaiianAloha
52.7%
Haitian CreoleBonjou
34.5%
TurkishMerhaba Selam
27.3%
SwedishHej
25.5%
NorwegianGoddag
25.5%
FinnishTerve
23.6%
Language Hello % Correct
PolishCześć
14.5%
Luxembourgish Moien
14.5%
SwahiliHujambo
14.5%
SlovenePozdravljeni
12.7%
CroatianBok
12.7%
MacedonianЗдраво
12.7%
Irish GaelicDia dhuit
12.7%
EsperantoSaluton
10.9%
EstonianTere
9.1%
UkrainianВітаю
1.8%
Remove Ads.
Support Sporcle.
Get the best of Sporcle when you Go Orange. This ad-free experience offers more features, more stats, and more fun while also helping to support Sporcle. Thank you for becoming a member.

You're not logged in!

Compare scores with friends on all Sporcle quizzes.
OR
Log In

Show Comments

Extras

Created Jul 23, 2012SourceReportNominate
Tags:geo, hello

Top Quizzes Today


Score Distribution

Your Account Isn't Verified!

In order to create a playlist on Sporcle, you need to verify the email address you used during registration. Go to your Sporcle Settings to finish the process.

Report this User

Report this user for behavior that violates our Community Guidelines.

Details: